logo

Bir Sreshtho Munshi Abdur Rouf Library
Jhenaidah Cadet College

Technology of ship repairing (Record no. 5656)

MARC details
000 -LEADER
fixed length control field 00749cam a22002412 4500
001 - CONTROL NUMBER
JCCL Control Number 5656
003 - CONTROL NUMBER IDENTIFIER
JCCL marc code BD-JhCC
005 - DATE AND TIME OF LATEST TRANSACTION
control field 20171219170003.0
008 - FIXED-LENGTH DATA ELEMENTS--GENERAL INFORMATION
fixed length control field 830613s1967 ru a 000 0 eng
035 ## - SYSTEM CONTROL NUMBER
system control number (BD-JhCC)5656
040 ## - CATALOGING SOURCE
Original cataloging agency DLC
Transcribing agency CarP
Modifying agency DLC
-- BD-JhCC
041 ## - LANGUAGE CODE
Language code of Book eng
050 00 - LIBRARY OF CONGRESS CALL NUMBER
Classification number VM147
Item number .B4613
082 ## - DEWEY DECIMAL CLASSIFICATION NUMBER
Classification number 623.83
Author mark and Year TEC 1967
100 1# - MAIN ENTRY--PERSONAL NAME
Personal name Benʹkovskiĭ, Dmitriī Dmitrievich. [from old catalog]
240 00 - UNIFORM TITLE
Uniform title Tekhnologii︠a︡ sudoremonta.
245 10 - TITLE STATEMENT
Title Technology of ship repairing
Statement of responsibility, etc [by] D. Benkovsky [and] others. Translated from the Russian by T. Swiatecki]
260 ## - PUBLICATION, DISTRIBUTION, ETC. (IMPRINT)
Place of publication, distribution, etc Moscow,
Name of publisher, distributor, etc Mir Publishers
Date of publication, distribution, etc [1967?]
300 ## - PHYSICAL DESCRIPTION
Pagination 573 p.
Other physical details illus.
Dimensions 23 cm.
650 #0 - SUBJECT ADDED ENTRY--TOPICAL TERM
Topical term or geographic name as entry element Ships
General subdivision Maintenance and repair.
942 ## - ADDED ENTRY ELEMENTS (KOHA)
Source of classification or shelving scheme Dewey Decimal Classification
Koha item type Books
Holdings
Source of classification or shelving scheme Damaged status Not for loan Home library Current library Shelving location Total Checkouts Full call number Barcode Date last seen Copy number Koha item type
Dewey Decimal Classification     JCC Rouf Library JCC Rouf Library Children's Area   623.83 TEC 1967 7553 12/19/2017 C - 1 Books

JCC Library | Contacts | JCC Home

Last Update on 23 September 2017
Copyright @ 2017-2020 JCC Rouf Library
Rouf Library, Jhenidah Cadet College (JCC), Bangladesh